[Event "Moscow Aeroflot op-A"]
[Site "Moscow"]
[Date "2004.02.18"]
[Round "2"]
[White "Van Wely, Loek"]
[Black "Romanishin, Oleg M"]
[Result "1-0"]
[WhiteElo "2617"]
[BlackElo "2537"]
[Annotator "Huzman,A"]
[PlyCount "121"]
[EventDate "2004.02.17"]
[EventType "swiss"]
[EventRounds "9"]
[EventCountry "RUS"]
[SourceTitle "CBM 100"]
[Source "ChessBase"]
[SourceDate "2004.06.01"]
[SourceVersion "1"]
[SourceVersionDate "2004.06.01"]
[SourceQuality "1"]

1. d4 d5 2. c4 dxc4 3. e4 e5 4. Nf3 Bb4+ 5. Nc3 exd4 6. Nxd4 Ne7 7. Bxc4 Nbc6
8. Be3 Nxd4 (8... O-O 9. Ndb5 $1) 9. Bxd4 O-O 10. a3 (10. O-O Nc6 (10... c6 11.
a3 Ba5 12. Bc5 Qxd1 13. Raxd1 Re8 14. f4 Ng6 15. b4 Bb6 16. h3 Nf8 17. Bxb6
axb6 18. a4 Be6 19. Bxe6 Rxe6 20. Rd3 f6 21. Rfd1 $16 {1-0 Georgiev,K-Schulz,K/
Rethymnon GRE 2003(53)}) 11. Be3 Qxd1 12. Rfxd1 Bxc3 13. bxc3 Be6 14. Be2 Rfd8
15. c4 Ne5 16. Rdc1 b6 17. a4 Nd3 18. Rc3 Nc5 19. f3 a5 $15 {0-1 Van Wely,
L-Azmaiparashvili,Z/Ohrid 2001/CBM 84/[Huzman] (63)}) 10... Ba5 11. O-O Bb6 (
11... Ng6 12. Bc5 Re8 13. Qa4 Bh3 14. Qxa5 Qg5 (14... b6 $5) 15. g3 b6 16. Bxb6
Qf6 17. Rfd1 Qf3 18. Bf1 Bxf1 19. Kxf1 Ne5 (19... axb6 20. Qf5 $16) 20. Bxc7
Qh1+ 21. Ke2 Qf3+ 22. Kf1 Qh1+ 23. Ke2 Qf3+ 24. Ke1 $1 $18 {1-0 Gruenberg,
H-Penrose,J/corr 1988 (42)}) 12. Bxb6 axb6 13. f4 $16 Ng6 14. Qxd8 Rxd8 15.
Rad1 {This endgame is clearly in favour of White because Bc8 hasn't a good
place on the board.} (15. Nd5 Be6 16. f5 Bxd5 17. Bxd5 Ne5 18. Bxb7 Rab8 $44 {
[%csl Rb7,Ye5]}) 15... Rxd1 16. Rxd1 Bg4 17. Rf1 Bd7 (17... Rd8 18. f5 Ne5 19.
Ba2 Rd2 20. h3 Rxb2 21. Rf2 $1 $18 Rxf2 22. Kxf2 Bh5 23. g4 Bxg4 24. hxg4 Nxg4+
25. Kf3 Ne5+ 26. Kf4 Nd3+ 27. Ke3 Ne5 28. Nd5 $18) 18. Nd5 Kf8 (18... Ra4 19.
Rc1 Bc6 20. g3 b5 21. Bd3 Rd4 (21... Bxd5 22. exd5 Rd4 23. Bf1 Rxd5 24. Rxc7
$18) 22. Nb4 $1 $16) 19. Rd1 (19. Bb3 Rc8 20. Kf2 $16) 19... Bg4 20. Rc1 Rd8
21. h3 Bd7 (21... Be6 $5 {Black could transfer the game to the R-endgame with
good drawing chances by pawn sacrifise.} 22. f5 Bxd5 23. Bxd5 Nf4 24. Rxc7 Nxd5
25. exd5 Rxd5 26. Rxb7 b5) 22. f5 Ne5 23. Nxc7 Bc6 24. Nd5 Nxc4 25. Rxc4 Bxd5
26. Rd4 Ke7 27. exd5 (27. Rxd5 Rxd5 28. exd5 Kd6 29. Kf2 Kxd5) 27... Kf6 (27...
Kd6 28. Rb4 $1 (28. Kf2 Ke5 29. Rb4 Rd6) (28. Rh4 Ke5 $1 29. Rxh7 Kf6 30. Rh4
Rxd5 31. Rb4 b5 32. g4 $16) 28... Kc5 29. Rh4 Rh8 (29... h6 30. f6 $1 $16) 30.
f6 $1 g6 (30... gxf6 31. Rf4 $18 (31. Rh5 $5)) 31. Re4 $1 $18) 28. Rb4 Rd6 29.
g4 Ke5 30. Rb5 h5 31. Kf2 Ke4 32. Kg3 hxg4 33. hxg4 g6 34. fxg6 Rxg6 35. d6
Rxd6 36. Rf5 f6 37. Kh4 {[%cal Gh4g6]} Kd3 38. Kh5 Kc2 (38... Ke3 39. Kg6 Rd4
40. Kxf6 Rxg4 41. Rb5 Rh4 42. Kg6 (42. Kg5 Rh7 43. Rxb6 Kd4 $14) 42... Ra4 43.
Kf7 $1 (43. Rxb6 Ra6 $1 $11) 43... Ra6 44. Ke7 Kd4 45. Kd6 $18) 39. Rb5 Kb1 40.
Kg6 Ka2 41. Rb4 $1 Rc6 42. Kf7 Kb1 43. a4 $1 {[%cal Gb4f4,Gf4f6]} Kc2 44. Kg6
Kb1 45. Rf4 $1 $18 {[%mdl 4096]} Kxb2 46. Rxf6 $18 Ka3 47. g5 Rc7 (47... Kxa4
48. Rxc6 bxc6 49. Kf5 $18) 48. Rf4 $1 Rc6+ 49. Kh5 Rc5 50. Kh4 $1 {[%cal Gf4g4,
Gg5g8]} b5 51. axb5 Rxb5 52. g6 Rb6 53. g7 Rg6 54. Rg4 Rxg7 55. Rxg7 b5 56.
Ra7+ $1 Kb3 57. Kg3 b4 58. Kf2 Kc2 59. Ke2 b3 60. Rc7+ Kb1 61. Kd2 1-0

[Event "Vidmar Memorial 16th"]
[Site "Portoroz"]
[Date "2005.07.09"]
[Round "1"]
[White "Beliavsky, Alexander G"]
[Black "Sermek, Drazen"]
[Result "1-0"]
[WhiteElo "2599"]
[BlackElo "2532"]
[Annotator "Huzman,A"]
[PlyCount "91"]
[EventDate "2005.07.09"]
[EventType "tourn"]
[EventRounds "9"]
[EventCountry "SLO"]
[EventCategory "12"]
[SourceTitle "CBM 108"]
[Source "ChessBase"]
[SourceDate "2005.09.26"]
[SourceVersion "1"]
[SourceVersionDate "2005.09.26"]
[SourceQuality "1"]

1. d4 d5 2. c4 dxc4 3. e4 e5 4. Nf3 exd4 5. Bxc4 Nc6 6. O-O Be6 7. Bxe6 fxe6 8.
Qb3 Qd7 9. Qxb7 Rb8 10. Qa6 Nf6 11. Nbd2 Bd6 12. a3 (12. b3 O-O 13. Bb2 Rb6 (
13... Bf4 14. Qd3 Rbd8 15. Nc4 Nb4 16. Qxd4 Qe7 17. Qxa7 Ra8 18. Bxf6 $1 gxf6
19. Qd4 Nc2 20. Qc3 Nxa1 21. Rxa1 $44 {1/2-1/2 Van Wely,L-Sasikiran,K/Moscow
2004/CBM 100/[Huzman] (53)}) (13... Ng4 14. h3 Nge5 15. Nxe5 Bxe5 16. Nf3 Rxf3
17. gxf3 Qf7 18. Rfd1 Qxf3 $40 {0-1 Luehrig,W-Bandiera,A/IECG 2001/Complete
2001 (26)}) 14. Qd3 Nb4 (14... Nh5 15. Nc4 Nf4 16. Nxb6 axb6 17. Qd1 e5 18. Ne1
$16 {1-0 Postny,E-Mikhalevski,V/Tel Aviv 2001/CBM 81 ext (59)}) 15. Qc4 Rc6 16.
Qb5 Ng4 17. Rac1 Rd8 18. Rxc6 Nxc6 19. h3 Nh6 20. Rc1 $16 {1-0 Hosch,W-Djabri,
Z/IECC email 2000/Corr 2002 (39)}) 12... O-O 13. b4 (13. Qd3 Ng4 14. h3 Nge5
15. Nxe5 Nxe5 $1 16. Qxd4 Ng4 17. Kh1 $2 c5 18. Qd3 Nxf2+ 19. Rxf2 Rxf2 20. e5
Rd8 21. exd6 Qxd6 22. Qxd6 Rxd6 $15 {1/2-1/2 Bacrot,E-Waitzkin,J/Bermuda 1999/
CBM 069/[Huzman] (51)}) 13... e5 $2 {I think that fixing the pawn structure is
a strategical mistake here. Black's counterplay in this line is connected with
move Ng4.} (13... Bf4 14. Qd3 Rbd8 15. Nc4 Nh5 16. g3 Bd6 17. Bg5 Rb8 18. e5
Be7 19. Bxe7 Nxe7 20. Qxd4 $16 {1-0 Kuzmin,A-Peng,Z/Benasque 1998/EXT 2002 (35)
}) (13... Ng4 14. Qa4 a5 15. bxa5 d3 16. Ra2 Ra8 17. a6 Nce5 18. Qxd7 Nxd7 19.
h3 Nge5 20. Nxe5 Nxe5 21. Bb2 Rxa6 $15 {1/2-1/2 Rogozenko,D-Ibragimov,I/Berlin
1995/CBM 47 ext (33)}) 14. Ne1 (14. Bb2 Ne7 15. Rac1 Ng6 16. Rfe1 Nh5 17. Qc6
Qf7 18. Qc4 a5 $17 {1/2-1/2 Matveeva,S-Har Zvi,R/KasparovChess.com 2000 (65)})
(14. Qd3 a5 (14... Ne7 15. Nc4 Ng6 16. Bd2 Nh5 17. Rac1 Kh8 18. Rfe1 Nhf4 {
1/2-1/2 Jakab,A-Vass,V/Budapest 2000/EXT 2001 (18)}) 15. b5 Nd8 16. a4 Ne6 {
1/2-1/2 Hoang Thanh Trang-Estrada Nieto,J/HUN tt 2000-1 2001/Magyar Versenyek
2001 (16)}) 14... Rb6 (14... Nd8 15. Nd3 Rb6 16. Qc4+ Ne6 17. Qc2 $16) 15. Qe2
(15. Qd3 $142 Qf7 16. Nc4 Rbb8 17. Bd2 $14) 15... Qe6 16. Nc4 Rbb8 17. Bd2 Nd7
(17... d3 $1 {Black missed the opportunity to change the character of the game
by a tactical idea.} 18. Qxd3 Rbd8 19. Be3 Bxb4 20. Qc2 Bxe1 21. Rfxe1 Nd4 22.
Bxd4 exd4 (22... Rxd4 23. Rac1 Nh5 24. Ne3 Nf4 25. Nf5 Rd7 26. Red1 $14) 23. f3
Nh5 $132) 18. Rc1 Ne7 19. Nd3 $16 {[%mdl 32] White stabilises his position and
Black's pawn weaknesses will play the decisive role now.} Nb6 20. Na5 $1 h6 21.
Rc2 Nd7 22. Rfc1 Kh7 23. h3 Rf7 24. Qg4 $1 {[%mdl 4]} Qxg4 25. hxg4 $18 Kg8 26.
f3 Rff8 27. Kf2 Kf7 28. Ke2 Ke6 29. g5 hxg5 (29... h5 30. g3 $18 {[%cal Gf3f4]}
) 30. Bxg5 Ng8 31. Nc6 Ra8 (31... Rbe8 32. Nxa7 $18) 32. f4 $1 $18 exf4 33.
Nxd4+ Kf7 34. Bxf4 (34. Rxc7 $1 Bxc7 35. Rxc7 Ke8 36. Nb5 $18) 34... Rae8 35.
e5 $1 Nxe5 36. Rxc7+ $1 Kg6 37. Bxe5 Bxe5 38. Nxe5+ Rxe5+ 39. Kd3 Nf6 40. R1c5
Re1 41. Nf3 Rd8+ 42. Kc4 Re4+ 43. Kb5 Kh6 44. Ne5 Kh7 45. Rxa7 Rb8+ 46. Ka4 1-0

[Event "Bundesliga 0304"]
[Site "Germany"]
[Date "2003.12.14"]
[Round "6.4"]
[White "Beliavsky, Alexander G"]
[Black "Bischoff, Klaus"]
[Result "1-0"]
[WhiteElo "2667"]
[BlackElo "2564"]
[Annotator "Huzman,A"]
[PlyCount "51"]
[EventDate "2003.11.01"]
[EventType "team-tourn"]
[EventRounds "15"]
[EventCountry "GER"]
[SourceTitle "CBM 099"]
[Source "ChessBase"]
[SourceDate "2004.03.30"]
[SourceVersion "1"]
[SourceVersionDate "2004.03.30"]
[SourceQuality "1"]
[WhiteTeam "Porz"]
[BlackTeam "Tegernsee"]
[WhiteTeamCountry "GER"]
[BlackTeamCountry "GER"]

1. d4 d5 2. c4 dxc4 3. e4 Nf6 4. e5 Nd5 5. Bxc4 Nb6 6. Bd3 Nc6 7. Ne2 e6 {
The main reason of Black problems is this dubious move which prevents
development of Bc8. This is very dangerous because of space advantage of White.
} (7... Bg4 $142) 8. Nbc3 Bd7 (8... Be7 9. Be3 Nb4 10. Be4 N4d5 11. Bc1 c5 12.
O-O cxd4 13. Qxd4 Nxc3 14. Qxc3 O-O 15. Qh3 g6 16. Bh6 Re8 17. Rac1 Bg5 18.
Bxg5 Qxg5 19. f4 Qe7 20. Ng3 Rd8 21. Qh6 Qf8 {1/2-1/2 Gorczyca,A-Zajac,M/
Krynica 2001/EXT 2003 (21)}) 9. Be4 $1 $16 {White prevents the regrouping of
Black pieces by Nb4, Bc6, N4d5 and in the same time he prepares the
breakthrough d5.} Qe7 (9... Qh4 $142 10. O-O f5 11. Bf3 (11. exf6 gxf6 (11...
Bd6 12. Bf4 Bxf4 13. f7+ Kxf7 14. g3 Qf6 15. Nxf4 $16) 12. Bf4 Bd6 13. Bxd6
cxd6 14. d5 $16) 11... O-O-O) 10. a4 $1 a6 $2 (10... a5 11. O-O O-O-O 12. Be3
$16) (10... Na5 $142 11. O-O O-O-O 12. b4 Qxb4 13. Bg5 Re8 14. Nb5 $16 {
[%csl Rb4]}) 11. a5 Nc4 $2 (11... Nc8 12. O-O N8a7 13. d5 $40 (13. Bf4 $5 O-O-O
14. d5 exd5 15. Nxd5 Qe6 16. Qc2 $16)) 12. Bxc6 $1 Bxc6 13. b3 $18 {[%csl Rc4]}
Nxa5 (13... Bxg2 14. Rg1 Nxe5 15. dxe5 Rd8 16. Qc2 Bf3 17. Bg5 $18) 14. Rxa5
Bxg2 15. Rg1 Bc6 16. Ba3 Qh4 17. Bxf8 Kxf8 18. Qc1 $1 Qxh2 19. Qa3+ Kg8 20. Qe7
$1 h5 21. d5 $1 exd5 22. e6 Rf8 23. Nxd5 Rh6 24. Qg5 $1 Qxg1+ 25. Qxg1 Rxe6 26.
Ndf4 1-0

[Event "RUS Cup final 5th"]
[Site "Kazan"]
[Date "2001.10.12"]
[Round "11"]
[White "Burmakin, Vladimir"]
[Black "Vaulin, Alexander"]
[Result "1/2-1/2"]
[WhiteElo "2593"]
[BlackElo "2545"]
[Annotator "Huzman,A"]
[PlyCount "60"]
[EventDate "2001.10.02"]
[EventType "tourn"]
[EventRounds "11"]
[EventCountry "RUS"]
[EventCategory "12"]
[SourceTitle "CBM 086"]
[Source "ChessBase"]
[SourceDate "2002.02.05"]
[SourceVersion "1"]
[SourceVersionDate "2002.02.05"]
[SourceQuality "1"]

1. d4 d5 2. c4 dxc4 3. e4 Nf6 4. e5 Nd5 5. Bxc4 Nb6 6. Bd3 Nc6 7. Ne2 Be6 8.
Nbc3 Bc4 9. Be4 (9. Bxc4 Nxc4 10. Qb3 Nb6 11. e6 fxe6 12. Qxe6 Qd7 13. Qe4
O-O-O 14. O-O e6 15. Bf4 Nd5 $11 {0-1 Van Wely,L-Shirov,A/Monaco MNC 2001/(34)}
) 9... e6 10. O-O Qd7 11. b3 Ba6 {[%cal Yc6b4,Yb4d5,Gc6e7,Ge7d5]} 12. a3 Ne7
13. Qc2 Ned5 14. Rd1 Bxe2 (14... Be7 15. Nf4 c6 16. Nh5 $36 {[%csl Ra6]}) 15.
Nxe2 O-O-O 16. Bd2 Kb8 17. Rdb1 f5 $1 18. exf6 (18. Bf3 Be7 $36 {[%cal Yg7g4]})
18... Nxf6 19. Bf3 e5 20. Bc3 (20. Be3 e4 21. Bxe4 Nxe4 22. Qxe4 Nd5 $44) (20.
Rd1 $142 e4 21. Bxe4 Nxe4 22. Qxe4 $14) 20... e4 $1 21. Bxe4 Nxe4 22. Qxe4 Nd5
23. Bd2 g6 $1 24. Qd3 Bg7 $44 25. Re1 Rhf8 26. Rad1 a6 27. Be3 (27. Nc3 Nxc3
28. Bxc3 Rf5 29. Re4 Rd5 $44) 27... Qe6 28. Bg5 Rd6 29. Qd2 Qf7 30. Bh4 Qf5 (
30... Qf5 31. Bg3 Rd7 (31... Rc6 32. Rc1 Rxc1 33. Rxc1 $14) 32. Nc3 Nxc3 33.
Qxc3 Qd5 $44) 1/2-1/2

[Event "Asia-ch"]
[Site "Kolkata"]
[Date "2001.08.14"]
[Round "7"]
[White "Magai, Vladimir"]
[Black "Ganguly, Surya Shekhar"]
[Result "0-1"]
[WhiteElo "2537"]
[BlackElo "2464"]
[Annotator "Huzman,A"]
[PlyCount "92"]
[EventDate "2001.08.09"]
[EventType "swiss"]
[EventRounds "11"]
[EventCountry "IND"]
[SourceTitle "CBM 085"]
[Source "ChessBase"]
[SourceDate "2001.11.13"]
[SourceVersion "1"]
[SourceVersionDate "2001.11.13"]
[SourceQuality "1"]

1. d4 d5 2. c4 dxc4 3. e4 e5 4. Nf3 exd4 5. Bxc4 Nc6 6. O-O Be6 7. Bb5 Bc5 8.
Nbd2 Nge7 9. Ng5 Qd7 10. Nxe6 Qxe6 11. Nb3 Qd6 12. Bf4 Qxf4 13. Nxc5 O-O 14.
Rc1 a6 15. Ba4 (15. g3 Qh6 16. Be2 Rfd8 17. f4 d3 18. Nxd3 Nd4 19. Qe1 Qb6 20.
Rf2 Nf3+ 21. Bxf3 Rxd3 22. Kg2 Rad8 {1/2-1/2 Giorgadze,G-Sakalauskas,V/
Istanbul TUR 2000/ (42)}) 15... b6 16. Nd3 (16. Nxa6 Rxa6 17. Bxc6 Nxc6 18.
Rxc6 Qxe4 19. Rxc7 Rxa2 20. Qb3 Qe6 21. Qxe6 fxe6 $17) 16... Qxe4 17. Re1 Qd5
18. Bb3 $2 (18. Bxc6 Nxc6 19. Qc2 Qf5 (19... Qb5 $5 20. a4 (20. Red1 $140 Nb4
21. Nxb4 Qxb4 22. a3 Qb5 23. Rxd4 c5 $17) 20... Qf5 21. Red1 Ne5 22. Nxe5 Qxe5
23. Qxc7 Qxc7 24. Rxc7 Rfc8 25. Rb7 Rc4 26. Rxb6 Rxa4 27. Rd6 $11) 20. Red1 (
20. Qxc6 Qxd3 21. Qxc7 Qb5 $17) 20... Ne5 21. Nxe5 Qxe5 22. Qxc7 Qxc7 23. Rxc7
Rfc8 24. Rxc8+ Rxc8 25. Kf1 Rd8 26. Ke2 $11) 18... Qf5 19. Qd2 Rad8 $17 20. Bd1
$1 Rd6 21. Bf3 Qf6 22. Qc2 (22. Rc4 $5 {[%cal Ge1c1,Gd2c2]}) 22... a5 23. a3
Rc8 24. Qa4 (24. Bg4 $142 Nf5 25. Nc5 d3 26. Nxd3 Rcd8 $17) 24... Kf8 {[%cal
Yc6d8,Yd8e6]} 25. b4 (25. Bg4 $1 Rcd8 (25... Nf5 $2 26. Rxc6 Rxc6 27. Bxf5 Qxf5
28. Qxc6 Qxd3 29. Qd7 $18) 26. Bf3 $17) 25... axb4 26. axb4 g6 $1 {[%csl Rf5]}
27. Qa6 Qf5 28. h3 h5 29. Qc4 Nd8 30. Re5 Qf6 31. Rce1 Ne6 $19 32. Qa6 Rcd8 33.
Qc4 Kg7 34. Kf1 R8d7 35. Kg1 Ng5 36. Ba8 Ne6 37. Bf3 c6 38. Qa6 c5 39. Qc4 cxb4
40. Qxb4 Nc6 41. Bxc6 Rxc6 42. Rb5 Nc7 43. Rbe5 Rc3 44. Qb1 Ne6 45. Rb5 Rd6 46.
Qb4 $4 Nc7 0-1

[Event "NED-ch56"]
[Site "Leeuwarden"]
[Date "2001.06.26"]
[Round "5"]
[White "Van Wely, Loek"]
[Black "Piket, Jeroen"]
[Result "1/2-1/2"]
[WhiteElo "2670"]
[BlackElo "2628"]
[Annotator "Huzman,A"]
[PlyCount "78"]
[EventDate "2001.06.20"]
[EventType "tourn"]
[EventRounds "9"]
[EventCountry "NED"]
[EventCategory "12"]
[SourceTitle "CBM 084"]
[Source "ChessBase"]
[SourceDate "2001.09.13"]
[SourceVersion "1"]
[SourceVersionDate "2001.09.13"]
[SourceQuality "1"]

1. d4 d5 2. c4 dxc4 3. e4 e5 4. Nf3 exd4 5. Bxc4 Bb4+ 6. Nbd2 Nc6 7. O-O Qf6 8.
e5 Qg6 9. Nh4 Qg4 10. Ndf3 Be6 11. h3 Qe4 12. Bxe6 (12. Bd3 Qd5 13. Ng5 $1 (13.
Bf4 Nge7 14. a3 Ba5 15. Rc1 h6 16. b4 Bb6 17. b5 Na5 18. Nd2 g5 $19 {0-1 Ravi,
L-Ravisekhar,R/IND-ch 1988/EXT 97 (36)}) 13... Be7 $6 (13... Qxe5 14. Nhf3 Qd5
15. Be4 Qd7 16. Bxc6 bxc6 17. Nxe6 fxe6 18. Nxd4 $1 O-O-O $2 (18... Nf6 {
Boensch,U} 19. Be3 $14) 19. Qa4 $3 $40 {1-0 Boensch,U-Chekhov,V/Halle 1987/Inf
44/[Boensch,U] (30)}) (13... Nge7 14. a3 (14. f4 O-O-O (14... h6 15. Nxe6 fxe6
16. Ng6 Nxg6 17. Bxg6+ Kd7 18. Qd3 Rad8 19. Be4 Qa5 20. a3 Be7 21. b4 Qb6 22.
Bb2 $44 {1/2-1/2 Timoschenko-Chekhov/Novosibirsk tt YB/6 1986 (34)}) 15. a3 Bc5
16. b4 Bb6 17. Bd2 Qb3 18. Qxb3 (18. Nxe6 Qxd1 19. Rfxd1 fxe6 20. Nf3 h6 21. a4
a5 22. bxa5 Nxa5 23. Rab1 Nd5 24. Rxb6 cxb6 25. Nxd4 Nxf4 $17 {0-1 Matveeva,
S-Galliamova Ivanchuk,A/Jakarta 1993/EXT 97 (63)}) 18... Bxb3 19. a4 a5 20. b5
Nb8 21. e6 Bxe6 22. Rae1 Nd7 23. f5 Nc5 24. Bb1 Nb3 $17 {0-1 Boensch,U-Meins,G/
Germany 1997/GER-chT (35)}) 14... Bc5 15. Bf4 Ng6 16. Nxg6 hxg6 17. Rc1 Be7 18.
Be4 Qd7 19. Nxe6 fxe6 20. Bxg6+ Kf8 21. Be4 $16 {1-0 Siegler,W-Haeussler,R/
GER-ch25 qual7 corr 1994/Corr 2000 (31)}) 14. Be4 Qd7 15. Nxe6 Qxe6 16. Bxc6+
bxc6 17. Qxd4 Rd8 18. Qa4 $16 {1-0 Timman,J-Tal,M/Montpellier (m/2) 1985 (28)})
12... fxe6 13. Qb3 Nge7 (13... Qd5 14. Qxd5 exd5 15. Nf5 $36) 14. Qxe6 h6 {
[%cal Yg7g5]} 15. a3 Ba5 16. b4 Bb6 17. Re1 Qh7 18. Nd2 (18. a4 a5 (18... Nxb4
19. a5 Bc5 20. Ba3 Qg8 21. Qg4 $44 (21. Qxg8+ Rxg8 22. Rec1 b6 23. Bxb4 Bxb4
24. Nxd4 (24. axb6 cxb6 25. Nxd4) 24... c5)) 19. bxa5 (19. b5 Nd8 20. Qg4 g5
$17) 19... Bxa5 20. Nd2 Rf8) (18. Nh2 $5 {(van Wely) Piket}) 18... d3 $1 {
Black has managed to advance his pawn quite in time.From now on the it will
play a decisive role in the game.} 19. Bb2 Bd4 20. b5 (20. Qb3 $5 Bxb2 21. Qxb2
O-O-O 22. Nhf3 Nf5 23. Nb3 $14) (20. Bxd4 $1 Nxd4 21. Qg4 Nc2 $2 (21... Rd8 22.
Rac1 $1 Ne2+ 23. Rxe2 dxe2 24. Qh5+ g6 25. Qxe2 $44) 22. Rac1 Nxe1 23. Rxc7 $40
) 20... Nd8 (20... Bxb2 21. bxc6 bxc6 (21... Bxa1 22. Qd7+ Kf8 (22... Kf7 23.
e6+) 23. cxb7 Rb8 24. Qxc7 $18) 22. Rab1 (22. Rad1 $36) 22... Bc3 (22... Bc3
23. Nhf3 $36)) 21. Qb3 Bxb2 22. Qxb2 Ne6 {/\23...0-0-0} 23. Rac1 (23. Qb4 g5
24. Ne4 O-O-O $132) (23. Qb3 Nf4 24. Qc4 g5 $132) 23... Nd5 (23... O-O-O 24. b6
axb6 25. Qxb6 Nc6 26. Rxc6 bxc6 27. Qxc6 $18) 24. Ne4 (24. b6 $5 axb6 25. Qb5+
c6 26. Rxc6 $1 bxc6 27. Qxc6+ Kf7 28. Qxd5 Rhd8 29. Qb3 g5 30. Nhf3 Qg6 $15)
24... O-O-O $1 (24... Ndf4 25. Nc5 g5 26. Nxe6 Nxe6 27. Nf3 Rd8 $15) 25. Nd6+
Kb8 26. Nf7 Ndf4 {[%mdl 512]} 27. Qd2 (27. Nxd8 Rxd8 28. Rcd1 g5 29. Nf3 Qf5
$44 {[%cal Yg5g4]}) 27... g5 28. Nxd8 Rxd8 29. Nf3 Qf5 $44 {Black's perfectly
coordinated pieces have achieved a complete domination.} 30. Re3 g4 $1 31. hxg4
Qxg4 32. g3 Ne2+ (32... Qh3 33. Nh4 (33. Ne1 Nd4 34. gxf4 Rg8+ 35. Rg3 Ne2+ 36.
Qxe2 Rxg3+ 37. fxg3 dxe2 38. Kf2 Qf1+ 39. Ke3 Kc8 $17) 33... Nd4 34. Rce1 Rg8
$40) 33. Rxe2 dxe2 34. Qxe2 Ng5 35. Rc3 $2 (35. Kg2 Qh3+ 36. Kg1 Qg4 $17) 35...
Rf8 (35... Nh3+ 36. Kf1 (36. Kh1 Nf4 37. gxf4 Qh5+ 38. Kg2 Rg8+ $19) (36. Kh2
Nf4 37. Qf1 Rd1 $1 $19) 36... Nf4 37. gxf4 Qh3+ 38. Ke1 Qh1+ 39. Qf1 Rd1+ 40.
Kxd1 Qxf1+ 41. Ne1 Qxb5 (41... Qxf2 42. Rf3 Qc5 43. Nd3 $132) 42. Re3 Kc8 (
42... Qa4+ 43. Ke2 Qxf4 44. e6 $15) 43. Nd3 Qb3+ $1 44. Kd2 Qe6 $19) 36. Kg2
Qh3+ 37. Kg1 Qg4 38. Kg2 Qh3+ 39. Kg1 Qg4 1/2-1/2

[Event "Corus"]
[Site "Wijk aan Zee"]
[Date "2006.01.14"]
[Round "1"]
[White "Mamedyarov, Shakhriyar"]
[Black "Bacrot, Etienne"]
[Result "1/2-1/2"]
[WhiteElo "2709"]
[BlackElo "2717"]
[Annotator "Huzman,A"]
[PlyCount "47"]
[EventDate "2006.01.14"]
[EventType "tourn"]
[EventRounds "13"]
[EventCountry "NED"]
[EventCategory "19"]
[SourceTitle "CBM 111"]
[Source "ChessBase"]
[SourceDate "2006.04.04"]
[SourceVersion "1"]
[SourceVersionDate "2006.04.04"]
[SourceQuality "1"]

1. d4 d5 2. c4 dxc4 3. e4 Nf6 4. e5 Nd5 5. Bxc4 Nb6 6. Bd3 Nc6 7. Ne2 Bg4 8. f3
Be6 9. Nbc3 Bc4 10. Bxc4 (10. Be4 Qd7 (10... e6 11. O-O Qd7 12. Bg5 Nd5 (12...
h6 13. Bh4 Nd5 14. Qd2 Nxc3 15. bxc3 Nxe5 16. Bxb7 Rb8 17. Rab1 $16 {1-0
Candela Perez,J-Ivanov,J/Linares ESP 2005/(30)}) 13. Re1 h6 14. Bh4 Be7 15.
Bxe7 Ncxe7 16. Rc1 Rd8 17. Qc2 Nxc3 18. bxc3 O-O 19. Rb1 b6 20. Nf4 Nd5 $11 {
1/2-1/2 Sorin,A-Gomez Baillo,J/Buenos Aires ch-AR 1994 (27)}) 11. b3 Bxe2 12.
Nxe2 O-O-O 13. Be3 Nd5 14. Bf2 f5 $1 $11 {1/2-1/2 Golod,V-Zilberman,Y/Tel Aviv
1999/CBM 71/[Golod,V] (85)}) 10... Nxc4 11. Qb3 (11. O-O e6 12. a3 (12. f4 Qd7
13. Qd3 Nb6 14. f5 O-O-O 15. Bg5 Be7 16. Bxe7 Qxe7 17. Qg3 g6 18. f6 Qb4 19. a3
Qc4 20. Rad1 Rd7 21. Qe3 Qb3 $17 {0-1 Chow,A-Shamkovich,L/Chicago 1990/EXT 97 
(34)}) 12... Qd7 13. Kh1 Be7 14. Qb3 Nb6 15. Be3 O-O 16. Rac1 a5 17. Rfd1 a4
18. Qc2 Rfd8 19. Nf4 $1 Ra5 20. Qe4 g6 21. Qc2 $1 Qe8 22. Qe2 $1 Rd7 23. Rc2
Nd5 24. Ncxd5 exd5 25. Rdc1 $16 {1/2-1/2 Ivanchuk,V-Ponomariov,R/Moscow (m/2)
83/379 2002/(58)}) (11. e6 fxe6 12. O-O g6 13. Qb3 Nb6 14. Qxe6 Qd7 15. Qxd7+
$1 Kxd7 16. d5 Nb4 17. Rd1 Bg7 18. a3 Na6 19. Be3 $14 {1-0 Comas Fabrego,
L-Markowski,T/Istanbul 2003/CBM 96/[Huzman] (51)}) 11... Nb6 12. e6 {Trying to
prevent the B from developing, but it manages to sneak in through "g7".} (12.
Be3 e6 13. a3 $11) 12... fxe6 13. Be3 (13. Qxe6 Qd7 $1 $146 (13... Nxd4 14. Qe4
Nc6 (14... Nxe2 15. Kxe2 c6 16. Rd1 $44 {1-0 Volkov,S-Kharlov,A/Ekaterinburg
1999/CBM 75/[Huzman] (84)}) 15. Bg5 Qc8 16. O-O-O e5 17. Nd4 $16 {1-0 Volkov,
S-Drozdovskij,Y/St Petersburg 2000/EXT 2001 (62)}) 14. Qxd7+ $11 {1/2-1/2
Khalifman,A-Magem Badals,J/Liepaja (rapid) 83/(379) 2001 (15)}) 13... Qd7 14.
O-O (14. Nf4 Nd5 15. Ncxd5 (15. Nxe6 Nxe3 16. Nb5 Nc2+ 17. Kd2 Rc8 18. Kxc2 a6
19. d5 (19. Nc3 Qxe6 20. Qxe6 Nxd4+ {/\ Ne6-+}) 19... Na5 $1 20. Nbxc7+ Rxc7+
21. Nxc7+ Qxc7+ 22. Qc3 Nc4 $17) 15... exd5 {1/2-1/2 Dreev,A-Karjakin,S/
playchess.com 2004/EXT 2005 (15)}) 14... g6 (14... O-O-O 15. a4 Na5 16. Qc2 Nd5
17. Bf2 g6 18. Ne4 Bh6 19. Nc5 Qc6 20. Rab1 b6 21. b4 Ne3 $15 {0-1 Kanep,
M-Drozdovskij,Y/Alushta UKR 2003/(47)}) 15. Rfd1 (15. Ne4 Qd5 $1 16. Qd1 O-O-O
$15 {1/2-1/2 Khalifman,A-Karjakin,S/Moscow 2004/CBM 100/[Huzman] (21)}) 15...
Na5 (15... Nd5 $5 16. Ne4 b6 17. Rac1 Bg7 $11) (15... O-O-O 16. Ne4 Qd5 17. Nc5
$36) 16. Qb4 Nc6 17. Qb3 Na5 18. Qb4 Nc6 (18... Nac4 19. Bf4 Bg7 20. b3 Nd6 21.
Be5 $44) 19. Qb5 a6 20. Qb3 (20. Qd3 $5 O-O-O (20... Bg7 21. Ne4 O-O 22. Nc5
Qd5 23. Nc3 Qf5 $11 24. Nxb7 $140 $2 Qxd3 25. Rxd3 Nb4 $19) 21. Ne4 $44) 20...
Na5 21. Qb4 Nc6 22. Qb3 Na5 23. Qb4 Nc6 24. Qb3 1/2-1/2